00918 am a2200253ua 450000100100000000500170001000800410002702000150006804000110008304300120009408200260010610000270013224501110015926000500027030000350032050000230035550400310037865000390040965300230044865500240047194200250049599900170052095201270053701011485020140302114228.0850805t1984 xxua grb 001 0 eng d a086094154X aUkcUk ae-uk---04a658.8780941 222bGAY1 aGayler, Hugh J.93510410aRetail innovation in Britain :bthe problems of out-of-town shopping centre development /cHugh J. Gayler. aNorwich, United States :bGeo Books,cc.1984. aiv, 143 p. :btables ;c24 cm. aIndex : p.141-143. aBibliography : p 133-140.  0aSupermarketszGreat Britain935105 bGGENcFebruary2014 vreading book934232 2ddck658.8780941 GAY c18043d18015 00102ddc40708Donation-GaMAINbMAINc1STd2014-02-06eDonationl0o658.8780941 GAYp000035597r2025-07-15 00:00:00yBB